书目信息 |
| 题名: |
图形·空间·艺术
|
|
| 作者: | 魏洁 , 王枫 编著 | |
| 分册: | ||
| 出版信息: | 南京 东南大学出版社 2003 |
|
| 页数: | 123页 | |
| 开本: | 28cm | |
| 丛书名: | 设计艺术丛书 | |
| 单 册: | ||
| 中图分类: | J51 | |
| 科图分类: | ||
| 主题词: | 图形--空间--艺术 , 空间 , 艺术 | |
| 电子资源: | ||
| ISBN: | 7-81089-163-4 | |
| 000 | 00788nam2 2200277 45 | |
| 001 | 012004000000 | |
| 005 | 20050421152828.01 | |
| 010 | @a7-81089-163-4@dCNY 59.00 | |
| 100 | @a20041231d2003 em y0chiy0121 ea | |
| 101 | 0 | @achi |
| 102 | @aCN@b320000 | |
| 105 | @aa z 000yy | |
| 200 | 1 | @a图形·空间·艺术@Atu xing kong jian yi shu@dGraphic·space·art@f魏洁, 王枫编著@zeng |
| 210 | @a南京@c东南大学出版社@d2003 | |
| 215 | @a123页@c图@d28cm | |
| 225 | 2 | @a设计艺术丛书@f周浩明主编 |
| 410 | 0 | @12001 @a设计艺术丛书 |
| 510 | 1 | @aGraphic·space·art@zeng |
| 606 | 0 | @a图形@x空间@x艺术 |
| 606 | 0 | @a空间 |
| 606 | 0 | @a艺术 |
| 690 | @aJ51@v4 | |
| 701 | 0 | @a魏洁@Awei jie@4编著 |
| 701 | 0 | @a王枫@Awang feng@4编著 |
| 801 | 0 | @aCN@bQSSKxf@c20050421 |
| 905 | @a10447@dJ51@eW585 | |
| 图形·空间·艺术=Graphic·space·art/魏洁, 王枫编著.-南京:东南大学出版社,2003 |
| 123页:图;28cm.-(设计艺术丛书/周浩明主编) |
| ISBN 7-81089-163-4:CNY 59.00 |
| ● |
| 相关链接 |
|
|
|
正题名:图形·空间·艺术
索取号:J51/W585
 
预约/预借
| 序号 | 登录号 | 条形码 | 馆藏地/架位号 | 状态 | 备注 |
| 1 | 441675 | 204416756 | 自科二线404/309社科库 86排4列2层/ [索取号:J51/W585] | 在馆 | |
| 2 | 441676 | 204416765 | 社科库309/309社科库 86排1列3层/ [索取号:J51/W585] | 在馆 | |
| 3 | 441677 | 204416774 | 自科二线404/309社科库 86排4列2层/ [索取号:J51/W585] | 在馆 |